New genus of Rhytirrhinini from Colombia (<Coleoptera: Curculionidae>) (Registro nro. 14725)

Detalles MARC
000 -CABECERA
Campo de control 003140000a22001090004500
090 ## - CLASIFICACIÓN LOCAL
Colección AS
Consecutivo Seriadas
041 0# - IDIOMA
Código de idioma para texto/pista de sonido o título separado
100 1# - ASIENTO PRINCIPAL--NOMBRE PERSONAL
Nombre personal Morrone, Juan J.
245 10 - MENCION DE TITULO
Título New genus of Rhytirrhinini from Colombia (<Coleoptera: Curculionidae>)
773 1# - Item fuente:
Título Caldasia
Especificación de materiales 45
Descripción física 82-85
Paginas del Articulo 603-606
Lugar, editorial y fecha de publicación 1995
Información sobre la relación 17
942 ## - ELEMENTOS ADICIONALES (KOHA)
Tipo de ítem Artículo

No hay ítems disponibles.